| 000 | 00542nam a2200169Ia 4500 | ||
|---|---|---|---|
| 008 | 230917s9999||||xx |||||||||||||| ||und|| | ||
| 020 | _cRS900 | ||
| 040 |
_e212420 _aMAIN |
||
| 041 | _aEnglish | ||
| 082 | _a352.054 S72G | ||
| 100 | _aSunder Ram, D, ed. | ||
| 245 | 0 | _aGrama Sabha Institution in India: 20 years experiences and experiments as vital decision-making body at the grassroots | |
| 260 |
_aNew Delhi _bKaniskha Publishers _c2013 |
||
| 300 | _axxi, 282 p. | ||
| 500 | _a4193 20/11/2013 5620 28/12/2013 Main Budget | ||
| 942 | _cBK | ||
| 999 |
_c34211 _d34211 |
||